MARC details
| 000 -LEADER |
| fixed length control field |
01032cam a2200313 i 4500 |
| 001 - CONTROL NUMBER |
| control field |
150639 |
| 003 - CONTROL NUMBER IDENTIFIER |
| control field |
TR-AnTOB |
| 005 - DATE AND TIME OF LATEST TRANSACTION |
| control field |
20231220170113.0 |
| 007 - PHYSICAL DESCRIPTION FIXED FIELD--GENERAL INFORMATION |
| fixed length control field |
ta |
| 008 - FIXED-LENGTH DATA ELEMENTS--GENERAL INFORMATION |
| fixed length control field |
080505s1972 tu 000 0 tur d |
| 040 ## - CATALOGING SOURCE |
| Original cataloging agency |
TR-AnTOB |
| Language of cataloging |
eng |
| Description conventions |
rda |
| Transcribing agency |
TR-AnTOB |
| 041 ## - LANGUAGE CODE |
| Language code of text/sound track or separate title |
Türkçe |
| 050 ## - LIBRARY OF CONGRESS CALL NUMBER |
| Classification number |
KKX2064.51961 |
| 090 ## - LOCALLY ASSIGNED LC-TYPE CALL NUMBER (OCLC); LOCAL CALL NUMBER (RLIN) |
| Classification number (OCLC) (R) ; Classification number, CALL (RLIN) (NR) |
KKX2064.51961 |
| 099 ## - LOCAL FREE-TEXT CALL NUMBER (OCLC) |
| Classification number |
TOBB BIR 1972 |
| 110 2# - MAIN ENTRY--CORPORATE NAME |
| Corporate name or jurisdiction name as entry element |
Türkiye Ticaret Odaları, Sanayi Odaları ve Ticaret Borsaları Birliği |
| 9 (RLIN) |
65593 |
| 245 10 - TITLE STATEMENT |
| Title |
1/11/1971 tarihindeki değişikliklere göre Türkiye Cumhuriyeti Anayasası. |
| 264 #1 - PRODUCTION, PUBLICATION, DISTRIBUTION, MANUFACTURE, AND COPYRIGHT NOTICE |
| Place of production, publication, distribution, manufacture |
Ankara : |
| Name of producer, publisher, distributor, manufacturer |
Türkiye Ticaret Odaları,Sanayi Odaları ve Ticaret Borsaları Birliği, |
| Date of production, publication, distribution, manufacture, or copyright notice |
1972. |
| 300 ## - PHYSICAL DESCRIPTION |
| Extent |
98 pages ; |
| Dimensions |
20 cm |
| 336 ## - CONTENT TYPE |
| Source |
rdacontent |
| Content type term |
text |
| Content type code |
txt |
| 337 ## - MEDIA TYPE |
| Source |
rdamedia |
| Media type term |
unmediated |
| Media type code |
n |
| 338 ## - CARRIER TYPE |
| Source |
rdacarrier |
| Carrier type term |
volume |
| Carrier type code |
nc |
| 650 #7 - SUBJECT ADDED ENTRY--TOPICAL TERM |
| Topical term or geographic name entry element |
Anayasa hukuku |
| Geographic subdivision |
Türkiye |
| Source of heading or term |
etuturkob |
| 9 (RLIN) |
116005 |
|
| Topical term or geographic name entry element |
Anayasalar |
| Geographic subdivision |
Türkiye |
| Source of heading or term |
etuturkob |
| 9 (RLIN) |
38301 |
| 902 ## - LOCAL DATA ELEMENT B, LDB (RLIN) |
| a |
TA02249 (014167) |
| 903 ## - LOCAL DATA ELEMENT C, LDC (RLIN) |
| a |
TOBB Yayınları Arşivi |
| 942 ## - ADDED ENTRY ELEMENTS (KOHA) |
| Source of classification or shelving scheme |
Library of Congress Classification |
| Koha item type |
Book |